header

Technology in action / (Record no. 253665)

MARC details
000 -LEADER
fixed length control field 00545nam a22001817a 4500
003 - CONTROL NUMBER IDENTIFIER
control field OSt
005 - DATE AND TIME OF LATEST TRANSACTION
control field 20160513103732.0
008 - FIXED-LENGTH DATA ELEMENTS--GENERAL INFORMATION
fixed length control field 160513b xxu||||| |||| 00| 0 eng d
010 ## - LIBRARY OF CONGRESS CONTROL NUMBER
LC control number 2006279680
020 ## - INTERNATIONAL STANDARD BOOK NUMBER
International Standard Book Number 0131878867 (pbk.)
040 ## - CATALOGING SOURCE
Transcribing agency n/a
050 ## - LIBRARY OF CONGRESS CALL NUMBER
Classification number QA76.5
Item number .E9195 2007
100 ## - MAIN ENTRY--PERSONAL NAME
Personal name Evans,Alan
245 ## - TITLE STATEMENT
Title Technology in action /
Statement of responsibility, etc Alan Evans, Kendall Martin, Mary Anne Poatsy.
250 ## - EDITION STATEMENT
Edition statement 3rd ed., complete.
260 ## - PUBLICATION, DISTRIBUTION, ETC. (IMPRINT)
Place of publication, distribution, etc Upper Saddle River, NJ : Pearson/Prentice Hall,
Name of publisher, distributor, etc Pearson/Prentice Hall,
Date of publication, distribution, etc c2007.
942 ## - ADDED ENTRY ELEMENTS (KOHA)
Source of classification or shelving scheme Library of Congress Classification
Koha item type Long Loan Books
Holdings
Withdrawn status Lost status Source of classification or shelving scheme Damaged status Not for loan Home library Current library Date acquired Total Checkouts Full call number Barcode Date last seen Date checked out Price effective from Koha item type
    Library of Congress Classification     Rongo University Library Rongo University Library 13/05/2016 3 QA76.5 .E9195 2007 20153050 07/02/2019 28/01/2019 13/05/2016 Long Loan Books

© 2026 Rongo University
Contact us: librarian | system librarian | Rongo university